Cyber Test Beds for The Simulation and Modeling of Cyber War Games (Record no. 219364)
[ view plain ]
| 000 -LEADER | |
|---|---|
| fixed length control field | 00410 a2200157 4500 |
| 003 - CONTROL NUMBER IDENTIFIER | |
| control field | Nust |
| 005 - DATE AND TIME OF LATEST TRANSACTION | |
| control field | 20170207171855.0 |
| 040 ## - CATALOGING SOURCE | |
| Transcribing agency | Nust |
| 082 ## - DEWEY DECIMAL CLASSIFICATION NUMBER | |
| Classification number | 005.8 |
| 100 ## - MAIN ENTRY--PERSONAL NAME | |
| Personal name | Khalid, Marium (MSIS-11) |
| 245 ## - TITLE STATEMENT | |
| Title | Cyber Test Beds for The Simulation and Modeling of Cyber War Games |
| Statement of responsibility, etc. | Marium Khalid |
| 260 ## - PUBLICATION, DISTRIBUTION, ETC. | |
| Place of publication, distribution, etc. | Rawalpindi |
| Name of publisher, distributor, etc. | MCS,NUST |
| Date of publication, distribution, etc. | May 2016 |
| 300 ## - PHYSICAL DESCRIPTION | |
| Extent | xii, 60 p |
| 650 ## - SUBJECT ADDED ENTRY--TOPICAL TERM | |
| Topical term or geographic name entry element | PG Thesis MSIS |
| 651 ## - SUBJECT ADDED ENTRY--GEOGRAPHIC NAME | |
| Geographic name | MSIS-11 |
| 942 ## - ADDED ENTRY ELEMENTS (KOHA) | |
| Source of classification or shelving scheme | |
| Koha item type | Book |
| Withdrawn status | Lost status | Source of classification or shelving scheme | Damaged status | Not for loan | Collection code | Permanent Location | Current Location | Date acquired | Total Checkouts | Full call number | Barcode | Date last seen | Price effective from | Koha item type | Shelving location |
|---|---|---|---|---|---|---|---|---|---|---|---|---|---|---|---|
| Central Library (CL) | Central Library (CL) | 11/09/2020 | 004 | CL-T-979 | 11/09/2020 | 11/09/2020 | Thesis | Thesis | |||||||
| Central Library (CL) | Central Library (CL) | 11/11/2020 | 004 | CL-T-926 | 11/11/2020 | 11/11/2020 | Thesis | Thesis | |||||||
| Military College of Signals (MCS) | Military College of Signals (MCS) | 12/12/2016 | 005.8 KHA | MCSTIS-206 | 12/08/2016 | 12/12/2016 | Book |
